000 00280nam a2200121Ia 4500
008 231129s1986||||xx |||||||||||||| ||spa||
082 _a428 C238l
100 _aCapelle Guy
245 0 _aI English
260 _c1986
264 _aNew York: Publishing Company
942 _2ddc
_cBKS
999 _c15520
_d15520